Entry Nombre personal
001 - NÚMERO DE CONTROL
- campo de control: 155247
003 - IDENTIFICADOR DE NÚMERO DE CONTROL
- campo de control: SpMaBN
005 - FECHA Y HORA DE LA ÚLTIMA TRANSACCIÓN
- campo de control: 20230619122640.0
008 - ELEMENTOS DE DATO DE LONGITUD-FIJA
- campo de control de longitud fija: 901120nn aijnnaabn a aaa
016 ## - NÚMERO DE CONTROL DE UNA AGENCIA BIBLIOGRÁFICA NACIONAL
- Número de control del registro: BNE19900593805
024 7# - IDENTIFICADOR DE OTROS ESTÁNDARES
- Número estándar o código: http://viaf.org/viaf/62346122/
- Fuente: viaf
024 7# - IDENTIFICADOR DE OTROS ESTÁNDARES
- Número estándar o código: https://isni.org/isni/0000000114736762
- Fuente: isni
024 7# - IDENTIFICADOR DE OTROS ESTÁNDARES
- Número estándar o código: http://www.wikidata.org/entity/Q1750054
- Fuente: wikidata
040 ## - FUENTE DE CATALOGACIÓN
- Centro catalogador/agencia de origen: SpMaBN
- Lengua de catalogación: spa
- Centro/agencia transcriptor: SpMaBN
- Normas de descripción: rdc
- Convención/Normas de encabezamiento de materia/tesauro: embne
- Centro/agencia modificador: ES-MaACL
046 ## - FECHAS CON CODIFICACIÓN ESPECIAL
- Período de inicio: 808
- Fin de período: 842
100 1# - ENCABEZAMIENTO-NOMBRE DE PERSONA
- Nombre de persona: Abu Tammam, Habib b. Aws al-Ta'i,
- Fechas asociadas al nombre: fl. 808-842
372 ## - CAMPO DE ACTIVIDAD
- Campo de actividad: Poesía
- Fuente de información: Wikidata
374 ## - OCUPACIÓN
- Ocupación: Poetas
- Fuente de información: Wikidata
375 ## - GÉNERO/SEXO
- Género: Masculino
- Fuente de información: Wikidata
377 ## - IDIOMA ASOCIADO
- Término de lengua/lenguaje: Árabe
400 0# - TRAZADO DE VÉASE--NOMBRE DE PERSONA
- Nombre de persona: Abu Tammam,
- Fechas asociadas al nombre: fl. 808-842
400 00 - TRAZADO DE VÉASE--NOMBRE DE PERSONA
- Nombre de persona: Abu Tammam Habib b. Aws al-Ta'i,
- Fechas asociadas al nombre: fl. 808-842
670 ## - FUENTE DE DATOS ENCONTRADOS
- Cita de la fuente: Abu Tammam wa-Abu l-Tayyib fi adab al-magariba, de Muhammad b. Sarifa, 1986;
670 ## - FUENTE DE DATOS ENCONTRADOS
- Cita de la fuente: WWW LC auth. file, 13-12-2000;
- Información encontrada: (Abu Tammam Habib ibn Aws al-Ta'i, fl. 808-842)
670 ## - FUENTE DE DATOS ENCONTRADOS
- Cita de la fuente: WWW Bn España aut., 19-6-2023;
- Información encontrada: (Abu Tammam, Habib b. Aws al-Ta'i, fl. 808-842)
955 ## - CATALOGADOR - EDICIÓN
- Nombre del catalogador: Julia Mas Vieira
